|
|
|
|
| LEADER |
00000nam a2200000Ia 4500 |
| 008 |
180821b1996 ||||| |||| 00| | eng d |
| 999 |
|
|
|c 2132
|d 2132
|
| 090 |
|
|
|a 14.02.02
|b 706
|
| 100 |
1 |
|
|a Schneidman, Miriam
|9 4097
|
| 245 |
1 |
0 |
|a Targeting at-risk yount : rationales, approaches to service delivery and monitoring & evaluation issues /
|c Miriam Schneidman
|
| 260 |
|
|
|a [Lugar de publicación no identificado] :
|b [Productor no identificado],
|c 1996
|
| 300 |
|
|
|a 39 páginas
|
| 650 |
1 |
4 |
|a ADOLESCENTES
|9 5
|
| 650 |
1 |
4 |
|a PROGRAMAS DE DESARROLLO
|9 333
|
| 651 |
|
4 |
|a AMÉRICA LATINA
|9 273
|
| 942 |
|
|
|i 001131
|h 14.02.02 706
|2 z
|c 01
|